[Event "26th Rilton Cup"]
[Site "Stockholm SWE"]
[Date "1996.12.27"]
[Round "1.41"]
[White "Elsness, Frode"]
[Black "Evertsson, Rune"]
[Result "1-0"]
[WhiteElo "2350"]
[BlackElo "2010"]
[EventDate "1996.12.27"]
[PlyCount "103"]

1.d4 Nf6 2.c4 c5 3.d5 e6 4.Nc3 exd5 5.cxd5 d6 6.e4 g6 7.f3 Bg7 8.Bg5 h6 9.
Be3 O-O 10.Qd2 Kh7 11.Nge2 a6 12.a4 Qa5 13.Ra3 Nbd7 14.Nc1 Ne5 15.Be2 Qc7 
16.O-O Rb8 17.N1a2 Bd7 18.a5 b5 19.axb6 Rxb6 20.Rxa6 Rfb8 21.Rxb6 Qxb6 22.
b4 Qa7 23.bxc5 dxc5 24.Rb1 Rxb1+ 25.Nxb1 g5 26.Nc1 Qa1 27.Qa2 Qxa2 28.Nxa2
Bf8 29.Nd2 Ba4 30.Nc3 Bc2 31.g3 Kg6 32.h3 Ned7 33.Nc4 Nh5 34.Kf2 Bg7 35.
Nb5 Nhf6 36.Nba3 Ba4 37.Bd3 Ne8 38.e5+ f5 39.e6 Ne5 40.Nxe5+ Bxe5 41.g4 
Kf6 42.Bxc5 fxg4 43.hxg4 Bb3 44.Bc4 Ba4 45.Nb5 Bxb5 46.Bxb5 Nd6 47.Ba6 Kg6
48.Be2 Kf6 49.Bd1 Kg6 50.Bc2+ Kf6 51.Ba4 Nb7 52.e7 1-0

[Event "26th Rilton Cup"]
[Site "Stockholm SWE"]
[Date "1996.12.27"]
[Round "1.45"]
[White "Furhoff, Johan"]
[Black "Gustafsson, Bjoern"]
[Result "0-1"]
[WhiteElo "2305"]
[BlackElo "1981"]
[EventDate "1996.12.27"]
[PlyCount "48"]

1.e4 d6 2.d4 Nf6 3.Nc3 a6 4.Bg5 Nc6 5.d5 Nb8 6.Bxf6 gxf6 7.Qh5 c6 8.Nf3 
Qb6 9.Rb1 Nd7 10.Be2 Ne5 11.Nxe5 fxe5 12.O-O Bg7 13.Bg4 O-O 14.Rfd1 Kh8 
15.Rd3 Bxg4 16.Qxg4 f5 17.exf5 Rxf5 18.Ne4 Rf4 19.Qe2 Raf8 20.g3 Rxe4 21.
Qxe4 Qxf2+ 22.Kh1 Qxc2 23.Rbd1 Rf2 24.Qh4 e4 0-1

[Event "26th Rilton Cup"]
[Site "Stockholm SWE"]
[Date "1996.12.27"]
[Round "1.48"]
[White "Jensen, Christine"]
[Black "Wieweg, Johnny"]
[Result "1-0"]
[WhiteElo "2010"]
[BlackElo "2270"]
[EventDate "1996.12.27"]
[PlyCount "53"]

1.d4 Nf6 2.c4 g6 3.f3 Bg7 4.e4 d6 5.Nc3 O-O 6.Be3 e5 7.Nge2 c6 8.Qd2 exd4 
9.Nxd4 Nbd7 10.Be2 Re8 11.O-O-O a6 12.g4 Qe7 13.h4 Ne5 14.Rdg1 b5 15.h5 b4
16.Nd1 c5 17.Nc2 Be6 18.b3 a5 19.g5 Nfd7 20.f4 Nc6 21.Bf3 Ra6 22.hxg6 fxg6
23.f5 gxf5 24.exf5 Bxf5 25.Bxc6 Rxc6 26.Qd5+ Kh8 27.Qxf5 1-0

[Event "26th Rilton Cup"]
[Site "Stockholm SWE"]
[Date "1996.12.27"]
[Round "1.55"]
[White "Rosen, Peter"]
[Black "Borbjerggaard, Lars"]
[Result "0-1"]
[WhiteElo "1998"]
[BlackElo "2220"]
[EventDate "1996.12.27"]
[PlyCount "84"]

1.d4 Nf6 2.Nc3 d5 3.Bf4 c6 4.Nf3 Bf5 5.e3 e6 6.Ne5 Bb4 7.f3 Nh5 8.Bg3 Nxg3
9.hxg3 f6 10.Nd3 Bd6 11.f4 Nd7 12.Qf3 Bg6 13.g4 Qa5 14.f5 Bf7 15.fxe6 Bxe6
16.Nf4 Bf7 17.Bd3 O-O-O 18.a3 Kb8 19.Kd2 Nf8 20.Nh5 Bxh5 21.gxh5 h6 22.Qg4
Qc7 23.Rhf1 Re8 24.Rae1 Ne6 25.Bf5 Ng5 26.Kc1 Qa5 27.Kd2 Re7 28.Bg6 Rd8 
29.b4 Qc7 30.e4 dxe4 31.Nxe4 Bxb4+ 32.axb4 Rxd4+ 33.Kc1 Rxb4 34.Rf4 Qe5 
35.Re3 Qd4 36.Rd3 Qg1+ 37.Kd2 Nxe4+ 38.Bxe4 Rbxe4 39.Rd8+ Kc7 40.Rc8+ Kb6 
41.Rd8 Qe1+ 42.Kd3 Qe3# 0-1

[Event "26th Rilton Cup"]
[Site "Stockholm SWE"]
[Date "1996.12.28"]
[Round "2"]
[White "Brynell, Stellan"]
[Black "Eklund, Mathias"]
[Result "1-0"]
[WhiteElo "2445"]
[BlackElo "2215"]
[EventDate "1996.12.27"]
[PlyCount "51"]

1.e4 e6 2.d4 d5 3.Nd2 Nf6 4.e5 Nfd7 5.c3 c5 6.Bd3 Nc6 7.Ne2 f6 8.exf6 Nxf6
9.O-O Bd6 10.Nf3 Qc7 11.Bg5 O-O 12.Ng3 Kh8 13.dxc5 Bxc5 14.c4 Ng4 15.Qe2 
Bd7 16.Rac1 Qb6 17.h3 Nxf2 18.Rxf2 Nd4 19.Nxd4 Bxd4 20.Nh1 Rac8 21.Bh4 e5 
22.Kh2 e4 23.Rxf8+ Rxf8 24.Rf1 Bf5 25.Bb1 Rc8 26.cxd5 1-0

[Event "26th Rilton Cup"]
[Site "Stockholm SWE"]
[Date "1996.12.28"]
[Round "2"]
[White "Degerman, Lars"]
[Black "Solin, Niclas"]
[Result "1-0"]
[WhiteElo "2500"]
[BlackElo "2250"]
[EventDate "1996.12.27"]
[PlyCount "89"]

1.e4 c5 2.Nf3 Nc6 3.Bb5 d6 4.O-O Bd7 5.c3 Nf6 6.Re1 a6 7.Bf1 Bg4 8.h3 Bxf3
9.Qxf3 g6 10.Qd1 Bh6 11.Na3 O-O 12.Nc2 e5 13.d4 Bxc1 14.Rxc1 cxd4 15.cxd4 
Qb6 16.d5 Ne7 17.Na3 Rfc8 18.Nc4 Qd8 19.Qf3 Ne8 20.a4 b5 21.axb5 axb5 22.
Ne3 Rxc1 23.Rxc1 Qb6 24.Ng4 Kg7 25.Qe3 Qxe3 26.Nxe3 b4 27.Rc4 Rb8 28.b3 f5
29.f3 Nf6 30.Bd3 fxe4 31.fxe4 Rc8 32.Rxc8 Nxc8 33.Nc2 Nb6 34.Nxb4 Kf7 35.
Kf2 Nfd7 36.Ke3 Kf6 37.Nc6 g5 38.b4 h5 39.Be2 h4 40.Bg4 Nf8 41.Bh5 Nfd7 
42.Kd3 Kg7 43.Ne7 Kf6 44.Nf5 Nxd5 45.exd5 1-0

[Event "26th Rilton Cup"]
[Site "Stockholm SWE"]
[Date "1996.12.28"]
[Round "2"]
[White "Johansen, Terje"]
[Black "Hellers, Ferdinand"]
[Result "1/2-1/2"]
[WhiteElo "2375"]
[BlackElo "2585"]
[EventDate "1996.12.27"]
[PlyCount "65"]

1.e4 c5 2.Nf3 d6 3.d4 cxd4 4.Nxd4 Nf6 5.Nc3 a6 6.Be3 Ng4 7.Bg5 h6 8.Bh4 g5
9.Bg3 Bg7 10.Be2 h5 11.h4 gxh4 12.Rxh4 Nc6 13.Nb3 Be6 14.Qd2 Qb6 15.Nd5 
Bxd5 16.exd5 Nce5 17.O-O-O Ng6 18.Rh3 Bh6 19.f4 Qe3 20.Bxg4 Qxd2+ 21.Nxd2 
hxg4 22.Rhh1 Kd7 23.Nc4 Raf8 24.Rhf1 b5 25.Ne3 e5 26.dxe6+ fxe6 27.Nxg4 
Bxf4+ 28.Bxf4 Nxf4 29.Rxf4 Rxf4 30.Ne5+ Kc7 31.Ng6 Rhf8 32.Nxf8 Rxf8 33.
Rg1 1/2-1/2

[Event "26th Rilton Cup"]
[Site "Stockholm SWE"]
[Date "1996.12.28"]
[Round "2"]
[White "Hansen, Curt"]
[Black "Engqvist, Thomas"]
[Result "1-0"]
[WhiteElo "2595"]
[BlackElo "2375"]
[EventDate "1996.12.27"]
[PlyCount "69"]

1.d4 Nf6 2.c4 e6 3.Nc3 Bb4 4.Qc2 O-O 5.a3 Bxc3+ 6.Qxc3 b6 7.Bg5 Bb7 8.e3 
d6 9.f3 Nbd7 10.Nh3 c5 11.dxc5 bxc5 12.Be2 Qb6 13.O-O a5 14.Rad1 Ba6 15.
Rd2 h6 16.Bh4 d5 17.Bg3 Qc6 18.Rfd1 Nb6 19.Be5 Nbd7 20.Bxf6 Nxf6 21.Nf4 
Rfd8 22.cxd5 exd5 23.Bxa6 Rxa6 24.e4 d4 25.Qc4 Rb6 26.Rc1 Rc8 27.Nd3 Nd7 
28.Rdc2 a4 29.Nb4 Qb5 30.Nd5 Qxc4 31.Rxc4 Re6 32.Rxd4 Rb8 33.Rd2 Rb7 34.
Rc4 Ra6 35.Nc3 1-0

[Event "26th Rilton Cup"]
[Site "Stockholm SWE"]
[Date "1996.12.28"]
[Round "2"]
[White "Johansson, Jan"]
[Black "Ulybin, Mikhail"]
[Result "1-0"]
[WhiteElo "2365"]
[BlackElo "2550"]
[EventDate "1996.12.27"]
[PlyCount "63"]

1.e4 e6 2.d4 d5 3.e5 c5 4.c3 Nc6 5.Nf3 Bd7 6.Be2 Nge7 7.O-O Nf5 8.Be3 Be7 
9.Nbd2 Qb6 10.Rb1 f6 11.Bd3 Nxe3 12.fxe3 O-O-O 13.exf6 Bxf6 14.Kh1 Kb8 15.
b4 cxd4 16.cxd4 Ne7 17.b5 Nf5 18.Qe2 h5 19.Nb3 Qd6 20.a4 h4 21.Bxf5 exf5 
22.Nc5 Be8 23.a5 Qe7 24.Rfc1 Bh5 25.b6 Bxd4 26.Na6+ bxa6 27.Rc7 Qe4 28.Rf1
Bxb6 29.axb6 axb6 30.Rc6 Kb7 31.Rc2 Rc8 32.Ra2 1-0

[Event "26th Rilton Cup"]
[Site "Stockholm SWE"]
[Date "1996.12.28"]
[Round "2"]
[White "Nordlund, Fredrik"]
[Black "Sjoeberg, Mats"]
[Result "0-1"]
[WhiteElo "2210"]
[BlackElo "2430"]
[EventDate "1996.12.27"]
[PlyCount "90"]

1.d4 Nf6 2.Nf3 e6 3.Bg5 h6 4.Bxf6 Qxf6 5.e4 d6 6.Nc3 Nd7 7.Bd3 g5 8.Nb5 
Qd8 9.O-O Bg7 10.c3 O-O 11.Bc2 a6 12.Na3 b5 13.Qd3 Bb7 14.Rad1 f5 15.exf5 
exf5 16.Bb3+ Kh8 17.Rfe1 Be4 18.Qf1 Nf6 19.Nd2 Bd5 20.Nc2 Qd7 21.Re2 Rae8 
22.Rxe8 Rxe8 23.Re1 Bxb3 24.Nxb3 Nd5 25.Rxe8+ Qxe8 26.Qe1 Qxe1+ 27.Nxe1 b4
28.c4 Nb6 29.Nc2 Nxc4 30.Nxb4 a5 31.Nd5 a4 32.Nc1 Nxb2 33.Nxc7 Bxd4 34.Kf1
Kh7 35.Ke2 Kg6 36.Nb5 Be5 37.Nd3 Nc4 38.g3 g4 39.Nb4 Nb6 40.Nc7 f4 41.Ncd5
f3+ 42.Kd3 Nd7 43.Ne3 h5 44.Ke4 Bc3 45.Nbd5 Nc5+ 0-1

[Event "26th Rilton Cup"]
[Site "Stockholm SWE"]
[Date "1996.12.28"]
[Round "2"]
[White "Vaerk, Liina"]
[Black "Hamark, Jesper"]
[Result "0-1"]
[WhiteElo "2040"]
[BlackElo "2270"]
[EventDate "1996.12.27"]
[PlyCount "56"]

1.d4 Nf6 2.c4 c5 3.d5 b5 4.cxb5 a6 5.b6 d6 6.Nc3 g6 7.e4 Bg7 8.Qb3 Bb7 9.
a4 a5 10.Nb5 Na6 11.Bd2 Qxb6 12.Nxd6+ Qxd6 13.Qxb7 O-O 14.f3 Nb4 15.Bxb4 
cxb4 16.Rc1 Nd7 17.Rc6 Rab8 18.Qc7 Qxc7 19.Rxc7 Rfc8 20.Rxd7 Rc1+ 21.Ke2 
Bxb2 22.Nh3 Bc3 23.Nf4 b3 24.Nd3 b2 25.Nxb2 Rxb2+ 26.Ke3 Bb4 27.g3 Re1+ 
28.Kd3 Rbb1 0-1

[Event "26th Rilton Cup"]
[Site "Stockholm SWE"]
[Date "1996.12.29"]
[Round "3"]
[White "Abedinov, Adnan"]
[Black "Landgren, Andreas"]
[Result "1-0"]
[WhiteElo "2150"]
[BlackElo "2075"]
[EventDate "1996.12.27"]
[PlyCount "35"]

1.e4 c5 2.Nf3 d6 3.d4 cxd4 4.Nxd4 Nf6 5.Nc3 a6 6.Bg5 e6 7.f4 Nbd7 8.Qf3 
Qc7 9.O-O-O b5 10.e5 Bb7 11.Qh3 dxe5 12.Nxe6 fxe6 13.Qxe6+ Be7 14.Bxb5 Rd8
15.fxe5 Rf8 16.exf6 gxf6 17.Rhe1 Rf7 18.Bh6 1-0

[Event "26th Rilton Cup"]
[Site "Stockholm SWE"]
[Date "1996.12.29"]
[Round "3"]
[White "Brynell, Stellan"]
[Black "Gleizerov, Evgeny"]
[Result "0-1"]
[WhiteElo "2445"]
[BlackElo "2545"]
[EventDate "1996.12.27"]
[PlyCount "75"]

1.e4 e6 2.d4 d5 3.Nd2 Nf6 4.e5 Nfd7 5.c3 c5 6.Bd3 Nc6 7.Ne2 cxd4 8.cxd4 f6
9.exf6 Nxf6 10.O-O Bd6 11.Nf3 O-O 12.Bf4 Bxf4 13.Nxf4 Ng4 14.Ne2 Qd6 15.
Ng3 e5 16.dxe5 Ngxe5 17.Nxe5 Nxe5 18.Qb3 Be6 19.Rad1 Rf7 20.Be2 d4 21.Qc2 
Rd8 22.Bd3 Nxd3 23.Qxd3 Bxa2 24.Rfe1 Be6 25.Re4 Qb6 26.Rde1 Rd6 27.h3 g6 
28.Re5 Bd5 29.Re8+ Kg7 30.Ne4 Bxe4 31.Qxe4 d3 32.Qe5+ Rdf6 33.Re3 d2 34.
Qd5 Rd6 35.Qe5+ Kh6 36.Re4 d1=Q+ 37.Kh2 Qxf2 38.Rg4 0-1

[Event "26th Rilton Cup"]
[Site "Stockholm SWE"]
[Date "1996.12.29"]
[Round "3"]
[White "Ehlvest, Jaan"]
[Black "Agrest, Evgenij"]
[Result "1/2-1/2"]
[WhiteElo "2660"]
[BlackElo "2475"]
[EventDate "1996.12.27"]
[PlyCount "112"]

1.Nf3 f5 2.g3 Nf6 3.c4 d6 4.d4 g6 5.Bg2 Bg7 6.O-O O-O 7.Nc3 c6 8.Rb1 Na6 
9.d5 Bd7 10.b3 Qe8 11.Bb2 Rd8 12.e3 e5 13.dxe6 Bxe6 14.Nd4 Bc8 15.Qc2 Rf7 
16.Rbd1 d5 17.cxd5 Nb4 18.Qe2 Nbxd5 19.Nxd5 Nxd5 20.Nf3 Qe7 21.Bxg7 Kxg7 
22.Rd4 Qf6 23.Qc2 Rfd7 24.b4 Nc7 25.Rfd1 Nb5 26.Rxd7+ Rxd7 27.Rxd7+ Bxd7 
28.a4 Nd6 29.Nd4 Qe5 30.Qc3 Nf7 31.h3 Kg8 32.a5 a6 33.Bf1 Be6 34.f4 Qd6 
35.Nxe6 Qxe6 36.Bc4 Qe7 37.Kf2 Kf8 38.Bb3 Ke8 39.Ke2 Nd6 40.Qh8+ Kd7 41.g4
Nb5 42.gxf5 gxf5 43.Qe5 Qxe5 44.fxe5 Nc3+ 45.Kd3 Nd5 46.Kd4 Nxb4 47.Kc5 
Nd3+ 48.Kb6 Nxe5 49.Kxb7 h6 50.Bc2 Nc4 51.Bxf5+ Kd6 52.Kxa6 Kc7 53.e4 Ne5 
54.Bg4 Nd3 55.Ka7 Ne5 56.Be2 Nd7 1/2-1/2

[Event "26th Rilton Cup"]
[Site "Stockholm SWE"]
[Date "1996.12.29"]
[Round "3"]
[White "Furhoff, Johan"]
[Black "Jiretorn, Eva"]
[Result "1-0"]
[WhiteElo "2305"]
[BlackElo "2085"]
[EventDate "1996.12.27"]
[PlyCount "83"]

1.e4 c5 2.Nf3 d6 3.d4 cxd4 4.Nxd4 Nf6 5.Nc3 g6 6.Be3 Bg7 7.f3 O-O 8.Qd2 
Nc6 9.Bc4 Bd7 10.h4 Rc8 11.Bb3 h5 12.O-O-O Ne5 13.Bg5 Rc5 14.g4 hxg4 15.f4
Nc4 16.Qd3 Qc8 17.h5 Nxh5 18.f5 b5 19.Bxe7 Bh6+ 20.Kb1 Re8 21.Bf6 Kh7 22.
Ncxb5 Bxb5 23.Nxb5 Nxf6 24.Bxc4 Rxb5 25.Bxb5 Rxe4 26.Qxd6 Qxf5 27.Bd3 Qe6 
28.Bxe4 Qxd6 29.Bxg6+ Kxg6 30.Rxd6 Bg5 31.c4 g3 32.c5 Kf5 33.c6 Ne8 34.Rd7
Kg6 35.Rg1 Bf4 36.Rd3 f5 37.Kc2 Kf6 38.Rgxg3 Bxg3 39.Rxg3 f4 40.Ra3 Ke5 
41.Rxa7 Nd6 42.Kd3 1-0

[Event "26th Rilton Cup"]
[Site "Stockholm SWE"]
[Date "1996.12.29"]
[Round "3"]
[White "Gausel, Einar"]
[Black "Hillarp Persson, Tiger"]
[Result "1-0"]
[WhiteElo "2520"]
[BlackElo "2400"]
[EventDate "1996.12.27"]
[PlyCount "69"]

1.d4 e6 2.c4 c5 3.e3 Nf6 4.Nc3 b6 5.Nf3 d6 6.Be2 a6 7.O-O Bb7 8.b3 Be7 9.
Bb2 O-O 10.Qc2 Nbd7 11.Rfd1 Rc8 12.Rac1 Rc7 13.d5 exd5 14.cxd5 b5 15.e4 
Re8 16.a4 b4 17.Nb1 Bf8 18.Bd3 c4 19.bxc4 Nc5 20.Nbd2 Nfd7 21.a5 Nxd3 22.
Qxd3 Nc5 23.Qc2 Rce7 24.Ra1 Nxe4 25.Nxe4 Rxe4 26.Qb3 Qc8 27.Bd4 Qf5 28.
Qxb4 Rg4 29.h3 Rxg2+ 30.Kxg2 Bc8 31.Ng1 Re4 32.Ra3 Qh5 33.Qd2 Bf5 34.Re1 
Rh4 35.Rg3 1-0

[Event "26th Rilton Cup"]
[Site "Stockholm SWE"]
[Date "1996.12.29"]
[Round "3"]
[White "Hellers, Ferdinand"]
[Black "Borbjerggaard, Lars"]
[Result "1-0"]
[WhiteElo "2585"]
[BlackElo "2220"]
[EventDate "1996.12.27"]
[PlyCount "47"]

1.e4 d5 2.exd5 Nf6 3.d4 Bg4 4.Be2 Bxe2 5.Qxe2 Qxd5 6.Nf3 Nc6 7.c4 Qf5 8.
Nc3 O-O-O 9.d5 Nb4 10.O-O Nd3 11.Rd1 Nxc1 12.Raxc1 e6 13.Nb5 Qe4 14.Qd2 a6
15.Qa5 Bd6 16.c5 Bxh2+ 17.Kxh2 axb5 18.c6 bxc6 19.Qa8+ Kd7 20.Qxc6+ Ke7 
21.Qxc7+ Nd7 22.dxe6 fxe6 23.Rd4 Qg6 24.Rcd1 1-0

[Event "26th Rilton Cup"]
[Site "Stockholm SWE"]
[Date "1996.12.29"]
[Round "3"]
[White "Khenkin, Igor"]
[Black "Maidla, Vallo"]
[Result "1-0"]
[WhiteElo "2575"]
[BlackElo "2375"]
[EventDate "1996.12.27"]
[PlyCount "53"]

1.d4 Nf6 2.c4 e5 3.dxe5 Ng4 4.e3 Nxe5 5.Nh3 Bb4+ 6.Bd2 Bxd2+ 7.Qxd2 d6 8.
Nf4 Be6 9.Nxe6 fxe6 10.Be2 Nbc6 11.f4 Nd7 12.Bh5+ g6 13.Bf3 Nc5 14.O-O a5 
15.Nc3 O-O 16.Nb5 Rf7 17.Nd4 Qe8 18.Nb3 Nxb3 19.axb3 b6 20.b4 axb4 21.Rxa8
Qxa8 22.Qc2 Rf5 23.Qe4 Rc5 24.Qxe6+ Kg7 25.Bd5 Qd8 26.Qf7+ Kh8 27.Rf3 1-0

[Event "26th Rilton Cup"]
[Site "Stockholm SWE"]
[Date "1996.12.29"]
[Round "3"]
[White "Lindberg, Bengt"]
[Black "Vihinen, Teemu"]
[Result "1-0"]
[WhiteElo "2355"]
[BlackElo "2145"]
[EventDate "1996.12.27"]
[PlyCount "87"]

1.e4 e6 2.d4 d5 3.Nc3 Bb4 4.e5 c5 5.a3 Bxc3+ 6.bxc3 Qc7 7.Qg4 f5 8.Qh5+ g6
9.Qd1 b6 10.Nf3 Ba6 11.Bxa6 Nxa6 12.Qd3 Nb8 13.h4 h6 14.c4 Ne7 15.cxd5 c4 
16.Qe2 Nxd5 17.Nd2 b5 18.a4 Nc6 19.Nf3 Nc3 20.Qd2 b4 21.O-O Rd8 22.Re1 Qd7
23.Bb2 Ne4 24.Qe2 c3 25.Bc1 Qd5 26.Be3 Na5 27.Reb1 Rb8 28.Ne1 Nc4 29.Nd3 
Kf7 30.Nxb4 Rxb4 31.Rxb4 Rc8 32.Rab1 Rc7 33.Rb8 Ned2 34.Re1 Kg7 35.f3 Rd7 
36.Bf2 Rb7 37.Rxb7+ Qxb7 38.Qd3 Qb2 39.h5 g5 40.g4 Na3 41.gxf5 Qxc2 42.f6+
Kh8 43.Qxc2 Nxc2 44.Rc1 1-0

[Event "26th Rilton Cup"]
[Site "Stockholm SWE"]
[Date "1996.12.29"]
[Round "3"]
[White "Raud, Rainek"]
[Black "Hector, Jonny"]
[Result "1-0"]
[WhiteElo "2365"]
[BlackElo "2525"]
[EventDate "1996.12.27"]
[PlyCount "119"]

1.e4 e5 2.Nc3 Nf6 3.Bc4 Nxe4 4.Qh5 Nd6 5.Bb3 Nc6 6.Nb5 g6 7.Qf3 f5 8.Qd5 
Qe7 9.Nxc7+ Kd8 10.Nxa8 b6 11.Qf3 Bb7 12.h4 Bg7 13.Qh3 e4 14.Ne2 Bxa8 15.
O-O Bf6 16.d3 Bxh4 17.Bf4 Bf6 18.Bxd6 Qxd6 19.dxe4 fxe4 20.Rad1 Qe7 21.Nf4
Bxb2 22.c3 Re8 23.Rxd7+ Qxd7 24.Rd1 Qxd1+ 25.Bxd1 Re7 26.Qh6 Ke8 27.Nxg6 
hxg6 28.Qh8+ Kd7 29.Qxa8 Kd6 30.Ba4 Na5 31.Qd8+ Ke6 32.Qg8+ Kf6 33.Be8 
Bxc3 34.Qxg6+ Ke5 35.Qg3+ Ke6 36.Bh5 Be5 37.Qg6+ Kd5 38.g3 Nb7 39.Qg5 Kd6 
40.Qd2+ Kc7 41.Qd5 Bd6 42.Be2 Bc5 43.Kg2 Nd6 44.a4 a5 45.f4 exf3+ 46.Bxf3 
Rf7 47.g4 Rf4 48.Kg3 Rd4 49.Qc6+ Kd8 50.Bd5 Ke7 51.Qc7+ Ke8 52.Qh7 Kd8 53.
g5 Rd2 54.Bc6 Nc4 55.Qg8+ Kc7 56.Qxc4 Rd4 57.Qf7+ Kxc6 58.g6 Bd6+ 59.Kf3 
Be5 60.Qe6+ 1-0

[Event "26th Rilton Cup"]
[Site "Stockholm SWE"]
[Date "1996.12.29"]
[Round "3"]
[White "Schandorff, Lars"]
[Black "Gustafsson, Bjoern"]
[Result "1-0"]
[WhiteElo "2495"]
[BlackElo "1981"]
[EventDate "1996.12.27"]
[PlyCount "79"]

1.d4 Nf6 2.Nf3 b6 3.c4 e6 4.Nc3 Ba6 5.e4 d5 6.exd5 exd5 7.Bg5 dxc4 8.Qe2+ 
Be7 9.Bxf6 gxf6 10.Qe4 Nd7 11.Nh4 Rb8 12.Nf5 Bb7 13.Qg4 b5 14.Qg7 Rf8 15.
Qxh7 Nb6 16.Ng7+ Kd7 17.Qf5+ Kd6 18.Nxb5+ Kc6 19.Nxa7+ Kd6 20.Qf4+ Kd7 21.
Qf5+ Kd6 22.Nb5+ Kc6 23.Nc3 Rg8 24.Qb5+ Kd6 25.Nf5+ Ke6 26.Ne3 Rg5 27.
Bxc4+ Nxc4 28.Qxc4+ Kd7 29.Qxf7 Qh8 30.O-O-O Qh6 31.Kb1 Rg7 32.Qc4 Qh4 33.
Rd2 Rg5 34.h3 Ke8 35.Re1 c5 36.Ned5 Bxd5 37.Nxd5 Rb7 38.Qxc5 Qh7+ 39.Ka1 
Qf5 40.Rxe7+ 1-0

[Event "26th Rilton Cup"]
[Site "Stockholm SWE"]
[Date "1996.12.29"]
[Round "3"]
[White "Wedberg, Tom"]
[Black "Hansen, Curt"]
[Result "0-1"]
[WhiteElo "2480"]
[BlackElo "2595"]
[EventDate "1996.12.27"]
[PlyCount "74"]

1.e4 d6 2.d4 Nf6 3.Nc3 g6 4.Nf3 Bg7 5.Be2 O-O 6.O-O c6 7.Re1 Nbd7 8.Bf4 
Qa5 9.Nd2 Qc7 10.a4 e5 11.dxe5 dxe5 12.Bg3 Nc5 13.b4 Ne6 14.Nc4 Rd8 15.Qc1
Nf4 16.Bf1 Be6 17.Rb1 Bh6 18.Qb2 Rd4 19.Bxf4 Bxf4 20.Ne2 Bxh2+ 21.Kxh2 
Ng4+ 22.Kg1 Rxc4 23.Nc1 Qd8 24.g3 Qd2 25.Re2 Qh6 26.f3 Ne3 27.Nd3 Rd8 28.
Rbe1 Nxf1 29.Rxf1 Rcd4 30.b5 Bc4 31.bxc6 bxc6 32.Qb7 Qg5 33.Kf2 Rxd3 34.
cxd3 Bxd3 35.Rfe1 Bxe2 36.Rxe2 Qh5 37.Kg2 Rd1 0-1

[Event "26th Rilton Cup"]
[Site "Stockholm SWE"]
[Date "1996.12.30"]
[Round "4"]
[White "Antonsen, Mikkel"]
[Black "Burwick, Malte"]
[Result "1/2-1/2"]
[WhiteElo "2410"]
[BlackElo "2245"]
[EventDate "1996.12.27"]
[PlyCount "71"]

1.d4 d6 2.e4 g6 3.c4 Bg7 4.Nc3 Nf6 5.f3 O-O 6.Nge2 a6 7.Bg5 Nc6 8.Qd2 Rb8 
9.d5 Ne5 10.Nd4 c5 11.Nc2 b5 12.cxb5 axb5 13.Bxb5 Bd7 14.a4 Bxb5 15.axb5 
Nfd7 16.O-O Nc4 17.Qc1 Nde5 18.Rd1 Re8 19.f4 Nd7 20.Ra4 Na5 21.Qe3 Nb6 22.
Ra2 Qc8 23.Qf3 Nb3 24.Ne2 c4 25.Bh4 Qc5+ 26.Bf2 Qxb5 27.Ned4 Nxd4 28.Nxd4 
Qd7 29.Nc6 Rb7 30.Na5 Rbb8 31.Nc6 Rb7 32.Rc1 e6 33.Na5 Rbb8 34.Nc6 Rb7 35.
Na5 Rbb8 36.Nc6 1/2-1/2

[Event "26th Rilton Cup"]
[Site "Stockholm SWE"]
[Date "1996.12.30"]
[Round "4"]
[White "Djurhuus, Rune"]
[Black "Furhoff, Johan"]
[Result "0-1"]
[WhiteElo "2505"]
[BlackElo "2305"]
[EventDate "1996.12.27"]
[PlyCount "80"]

1.d4 Nc6 2.Nf3 d5 3.Bf4 Bg4 4.e3 e6 5.Be2 Bd6 6.h3 Bh5 7.c3 Nf6 8.Nbd2 
Bxf4 9.exf4 Qd6 10.g4 Bg6 11.Ne5 Nd7 12.Nf1 Ncxe5 13.dxe5 Qb6 14.Ng3 Qxb2 
15.O-O h5 16.f5 h4 17.fxg6 hxg3 18.gxf7+ Ke7 19.Kg2 Qxc3 20.fxg3 Qxe5 21.
Qd2 Nc5 22.Bf3 Ne4 23.Qb4+ Qd6 24.Qe1 Ng5 25.h4 Nxf7 26.Rc1 c6 27.Qc3 e5 
28.Qb3 Rad8 29.Qxb7+ Rd7 30.Qa6 Rb8 31.g5 Rb2+ 32.Kh3 Rdb7 33.Bh5 Qe6+ 34.
Bg4 Qg6 35.Rf2 Nxg5+ 36.hxg5 Qh7+ 37.Kg2 Rxf2+ 38.Kxf2 Qh2+ 39.Kf3 e4+ 40.
Ke3 Qxg3+ 0-1

[Event "26th Rilton Cup"]
[Site "Stockholm SWE"]
[Date "1996.12.30"]
[Round "4"]
[White "Hector, Jonny"]
[Black "Roenneland, Daniel"]
[Result "0-1"]
[WhiteElo "2525"]
[BlackElo "2190"]
[EventDate "1996.12.27"]
[PlyCount "50"]

1.e4 c5 2.Nf3 e6 3.d4 cxd4 4.Nxd4 Nf6 5.Nc3 Nc6 6.Be3 Be7 7.g4 d5 8.Bb5 
Bd7 9.Bxc6 Bxc6 10.e5 Nd7 11.f4 Qb6 12.Rb1 O-O-O 13.Qd2 Nc5 14.O-O Ne4 15.
Nxe4 dxe4 16.b4 Rd7 17.Qf2 Rhd8 18.b5 Rxd4 19.c3 Rd2 20.Bxb6 axb6 21.Qxb6 
R8d5 22.Qa5 Bc5+ 23.Kh1 b6 24.Qa4 Bb7 25.Rg1 e3 0-1

[Event "26th Rilton Cup"]
[Site "Stockholm SWE"]
[Date "1996.12.30"]
[Round "4"]
[White "Ingbrant, Johan"]
[Black "Hjartarson, Johann"]
[Result "0-1"]
[WhiteElo "2355"]
[BlackElo "2565"]
[EventDate "1996.12.27"]
[PlyCount "88"]

1.d4 Nf6 2.c4 e6 3.Nc3 Bb4 4.e3 O-O 5.Ne2 d5 6.a3 Be7 7.cxd5 Nxd5 8.g3 c5 
9.Bg2 Nxc3 10.bxc3 Nc6 11.O-O Na5 12.e4 b6 13.Bf4 Ba6 14.Re1 Qd7 15.dxc5 
Qxd1 16.Raxd1 Bxc5 17.a4 Nc4 18.e5 Rad8 19.Nd4 Nb2 20.Ra1 Bc4 21.Bg5 Rc8 
22.g4 h6 23.Bh4 Nd3 24.Re3 Nf4 25.Rd1 g5 26.Bg3 Nxg2 27.Kxg2 Rfd8 28.h4 
Bb3 29.Rh1 Bxa4 30.hxg5 hxg5 31.Rh5 Bxd4 32.Rxg5+ Kf8 33.cxd4 Rxd4 34.Bh4 
Rc1 35.Rh5 Rxg4+ 36.Kh2 Bc6 37.f3 Rg8 38.Rd3 Bd5 39.Bg5 Rc2+ 40.Kg3 a5 41.
f4 b5 42.Rh6 b4 43.Kg4 Rg2+ 44.Kh3 Rg1 0-1

[Event "26th Rilton Cup"]
[Site "Stockholm SWE"]
[Date "1996.12.30"]
[Round "4"]
[White "Lindberg, Bengt"]
[Black "Ulybin, Mikhail"]
[Result "0-1"]
[WhiteElo "2355"]
[BlackElo "2550"]
[EventDate "1996.12.27"]
[PlyCount "114"]

1.e4 e6 2.d4 d5 3.Nc3 Nf6 4.Bg5 Be7 5.e5 Nfd7 6.Bxe7 Qxe7 7.f4 O-O 8.Nf3 
c5 9.Qd2 Nc6 10.dxc5 Qxc5 11.O-O-O Nb6 12.Kb1 Bd7 13.Nb5 Na4 14.Nbd4 Qb6 
15.Nb3 a5 16.Bd3 Nxb2 17.Kxb2 a4 18.Bxh7+ Kxh7 19.Ng5+ Kg8 20.Qd3 Rfe8 21.
Qh7+ Kf8 22.Ne4 axb3 23.Qh8+ Ke7 24.Qh4+ Kf8 25.Qh8+ Ke7 26.Qh4+ f6 27.
exf6+ Kd8 28.f7+ Kc7 29.fxe8=N+ Bxe8 30.axb3 Qb4 31.Qg5 Qa3+ 32.Kc3 Qa5+ 
33.Kb2 Qa2+ 34.Kc3 Qa5+ 35.Kb2 Qa3+ 36.Kc3 dxe4 37.Qxg7+ Kb6 38.Ra1 Qc5+ 
39.Kb2 Nd4 40.c3 Nf5 41.Qe5 Qxe5 42.fxe5 Rc8 43.Rhf1 Bc6 44.Rf2 Rg8 45.Rg1
Nh4 46.Re2 Kc5 47.c4 Kb4 48.Kc2 Nf5 49.Rd1 e3 50.Kb2 Rg4 51.Rg1 Bf3 52.Rc2
Nd4 53.Rc3 e2 54.Re3 Re4 55.Rxe4 Bxe4 56.h4 Bxg2 57.h5 Bf1 0-1

[Event "26th Rilton Cup"]
[Site "Stockholm SWE"]
[Date "1996.12.30"]
[Round "4"]
[White "Olsson, Krister"]
[Black "Kallio, Heikki"]
[Result "1-0"]
[WhiteElo "2350"]
[BlackElo "2140"]
[EventDate "1996.12.27"]
[PlyCount "67"]

1.d4 d6 2.e4 g6 3.Nf3 Bg7 4.h3 Nf6 5.Nc3 O-O 6.Be3 c6 7.a4 Qa5 8.Qd2 Nbd7 
9.Be2 e5 10.dxe5 dxe5 11.O-O Qc7 12.a5 Nh5 13.Rfd1 Nf4 14.Bf1 Bf6 15.Qd6 
Ne6 16.Qb4 Nd4 17.Nxd4 exd4 18.Bxd4 c5 19.Nd5 Qc6 20.Bxf6 Nxf6 21.Ne7+ Kg7
22.Qc3 Qe6 23.Nd5 Rb8 24.Rd3 Rd8 25.Rf3 Rxd5 26.exd5 Qd6 27.g4 h6 28.Re1 
Bd7 29.Re6 Bxe6 30.Rxf6 Qxd5 31.Rxe6+ f6 32.Qxf6+ Kg8 33.Re7 Qg2+ 34.Kxg2 
1-0

[Event "26th Rilton Cup"]
[Site "Stockholm SWE"]
[Date "1996.12.30"]
[Round "4"]
[White "Raud, Rainek"]
[Black "Schandorff, Lars"]
[Result "1/2-1/2"]
[WhiteElo "2365"]
[BlackElo "2495"]
[EventDate "1996.12.27"]
[PlyCount "25"]

1.g3 d5 2.Bg2 Nf6 3.d3 c6 4.Nf3 Bg4 5.h3 Bh5 6.O-O e6 7.c4 Nbd7 8.Nc3 Bc5 
9.cxd5 exd5 10.Qb3 Bb6 11.Na4 O-O 12.Nxb6 axb6 13.g4 1/2-1/2

[Event "26th Rilton Cup"]
[Site "Stockholm SWE"]
[Date "1996.12.30"]
[Round "4"]
[White "Sanden, Stefan"]
[Black "Aakesson, Ralf"]
[Result "1-0"]
[WhiteElo "2330"]
[BlackElo "2500"]
[EventDate "1996.12.27"]
[PlyCount "125"]

1.e4 c5 2.Nf3 d6 3.d4 cxd4 4.Nxd4 Nf6 5.Nc3 e6 6.g4 h6 7.g5 hxg5 8.Bxg5 
Nc6 9.Qd2 Qb6 10.Nb3 a6 11.h4 Qc7 12.O-O-O b5 13.a3 Bb7 14.f4 Nh7 15.Bh3 
g6 16.f5 Nxg5 17.hxg5 Qe7 18.fxe6 fxe6 19.Nd4 Nxd4 20.Qxd4 Rh5 21.Qb6 Qh7 
22.Bg2 Rxh1 23.Rxh1 Qe7 24.Bh3 Rb8 25.Bxe6 Qxg5+ 26.Kb1 Qc5 27.Qa5 Bg7 28.
Nd5 Qd4 29.Qb4 Qxb4 30.axb4 Bxd5 31.Bxd5 Ke7 32.Rg1 Kf6 33.Rf1+ Kg5 34.Bf7
Rf8 35.Rg1+ Kh6 36.Bxg6 Bd4 37.Rd1 Be5 38.Bf5 Rf7 39.Rg1 Rg7 40.Rh1+ Kg5 
41.Rh8 Kf4 42.Ra8 Rg1+ 43.Ka2 Rg2 44.Kb3 d5 45.Rxa6 dxe4 46.Bd7 e3 47.Bxb5
e2 48.Ra1 Ke3 49.Re1 Kd2 50.Rxe2+ Rxe2 51.Bxe2 Kxe2 52.b5 Kd2 53.b6 Bd6 
54.b7 Bb8 55.c4 Kd3 56.Kb4 Kd4 57.Kb5 Ke5 58.Kc6 Ke6 59.c5 Bh2 60.b4 Bg3 
61.Kb6 Bb8 62.c6 Kd6 63.b5 1-0